Statistics for Countries Containing "C" In Their Name

Click here to take the quiz!

General Stats

  • This quiz has been taken 77 times
    (47 since last reset)
  • The average score is 17 of 24

Answer Stats

Country% Correct
France
88%
Dominica
81%
Iceland
79%
Jamaica
79%
North Macedonia
79%
Ecuador
77%
Nicaragua
77%
Democratic Republic of the Congo
74%
Greece
74%
Liechtenstein
74%
Mexico
74%
Morocco
74%
United States of America
74%
Monaco
72%
South Africa
72%
Vatican City
72%
Fed. States of Micronesia
70%
Saint Lucia
70%
Seychelles
70%
Republic of the Congo
67%
Saint Vincent and the Grenadines
67%
Ivory Coast
65%
Madagascar
65%
Sao Tome and Principe
49%

Score Distribution

Percentile by Number Answered

Percent of People with Each Score

Your Score History

You have not taken this quiz since the last reset